[Event "Mercredi 2010.05.12 ABCD"]
[Site "Montreal CAN"]
[Date "2010.05.19"]
[Round "2"]
[White "Khudaverdian, Berj"]
[Black "Messier, Samuel"]
[Result "1-0"]
[WhiteElo "1739"]
[BlackElo "1650"]
[PlyCount "119"]
[EventDate "2010.05.12"]
[EventType "tourn"]
[EventRounds "5"]
[EventCountry "CAN"]

1. e4 c6 2. d4 d5 3. e5 Bf5 4. Nc3 e6 5. Bd3 Bxd3 6. Qxd3 Nd7 7. Nf3 Ne7 8. Bg5
Qb6 9. O-O c5 10. Na4 Qb4 11. Nxc5 Nxc5 12. dxc5 Qxc5 13. Be3 Qc7 14. Qb5+ Nc6
15. c4 a6 16. Qa4 Rd8 17. Rad1 dxc4 18. Rxd8+ Qxd8 19. Qxc4 Be7 20. Qb3 Na5 21.
Qc2 O-O 22. Rd1 Qb8 23. Qa4 Nc6 24. Bf4 Rd8 25. Rxd8+ Qxd8 26. h3 Bc5 27. Qc2
Qb6 28. Ng5 g6 29. Ne4 Bd4 30. Nf6+ Kh8 31. b3 Qa5 32. Ng4 h5 33. Bd2 Qd5 34.
Ne3 Qxe5 35. Qd3 Qf6 36. Nd1 Kg7 37. Qe4 Qf5 38. Qe2 Ne7 39. Kh2 Qe5+ 40. Qxe5+
Bxe5+ 41. f4 Bd4 42. g3 Nd5 43. Kg2 b5 44. Kf3 f5 45. Ke2 Kf6 46. a4 b4 47. Kd3
e5 48. fxe5+ Bxe5 49. Kc4 Ke6 50. Bxb4 Nxb4 51. Kxb4 Bxg3 52. Ka5 f4 53. Kxa6
f3 54. Ne3 f2 55. Nf1 Kd5 56. Nxg3 Kd4 57. b4 h4 58. Nf1 Kd3 59. Kb5 Ke2 60.
Nh2 1-0

[Event "Mercredi 2010.05.12 ABCD"]
[Site "Montreal CAN"]
[Date "2010.05.19"]
[Round "2"]
[White "Lange, David"]
[Black "Plante, Michel"]
[Result "1/2-1/2"]
[WhiteElo "1998"]
[BlackElo "2060"]
[PlyCount "68"]
[EventDate "2010.05.12"]
[EventType "tourn"]
[EventRounds "5"]
[EventCountry "CAN"]

1. d4 d5 2. c4 e6 3. Nc3 c6 4. e3 Nf6 5. Nf3 Nbd7 6. Be2 dxc4 7. Bxc4 b5 8. Bd3
a6 9. O-O c5 10. dxc5 Nxc5 11. Bc2 Bb7 12. a3 Qc7 13. b4 Rd8 14. Qe2 Nce4 15.
Nxe4 Nxe4 16. Bb2 Nd2 17. Rfc1 Nxf3+ 18. gxf3 Bd6 19. Be4 Qe7 20. Qf1 O-O 21.
Qg2 f5 22. Bxb7 Qxb7 23. Rc6 e5 24. Rac1 Rf6 25. Kh1 Rg6 26. Qh3 Bb8 27. Rxg6
hxg6 28. Qg3 Rd2 29. Bc3 f4 30. exf4 exf4 31. Qg2 Rd3 32. Bb2 Ba7 33. Qxg6
Qxf3+ 34. Qg2 Rd1+ 1/2-1/2

[Event "Mercredi 2010.05.12 ABCD"]
[Site "Montreal CAN"]
[Date "2010.05.19"]
[Round "2"]
[White "Lange, Holger"]
[Black "Deshetres, Michel"]
[Result "0-1"]
[WhiteElo "1778"]
[BlackElo "1733"]
[PlyCount "98"]
[EventDate "2010.05.12"]
[EventType "tourn"]
[EventRounds "5"]
[EventCountry "CAN"]

1. e4 c5 2. Nf3 d6 3. d4 cxd4 4. Nxd4 Nf6 5. Nc3 a6 6. Bg5 e6 7. Be2 Be7 8. Qd2
Nbd7 9. O-O-O Qc7 10. f3 Ne5 11. Nb3 Bd7 12. Kb1 h6 13. Bh4 g5 14. Bf2 b5 15.
a3 Rb8 16. Na2 Rc8 17. Rc1 Rg8 18. h3 h5 19. Qa5 Qxa5 20. Nxa5 g4 21. hxg4 hxg4
22. Bd4 g3 23. Nb4 Ra8 24. f4 Ng6 25. e5 Ne4 26. exd6 Bxd6 27. Be3 Bxf4 28.
Bxf4 Nxf4 29. Bf3 Nd2+ 30. Ka2 Nxf3 31. gxf3 g2 32. Rhe1 Nh3 33. Rg1 Nxg1 34.
Rxg1 Ke7 35. Nd3 Rg3 36. Ne1 Rag8 37. Nb3 Bc6 38. Nd4 Bd5+ 39. b3 Kd6 40. Ne2
Rh3 41. Nf4 Rh1 42. Rxg2 Rxg2 43. Nfxg2 e5 44. Kb2 Rf1 45. Kc3 Bxf3 46. Nh4
Rxe1 47. Kd2 Re2+ 48. Kd3 e4+ 49. Kc3 Ke5 0-1

[Event "Mercredi 2010.05.12 ABCD"]
[Site "Montreal CAN"]
[Date "2010.05.19"]
[Round "2"]
[White "Levkovsky, Alexandre"]
[Black "Tremblay, Alain"]
[Result "1-0"]
[WhiteElo "2193"]
[BlackElo "2086"]
[PlyCount "107"]
[EventDate "2010.05.12"]
[EventType "tourn"]
[EventRounds "5"]
[EventCountry "CAN"]

1. e4 d5 2. exd5 Qxd5 3. Nc3 Qd6 4. d4 Nf6 5. Bc4 c6 6. Nge2 Bg4 7. f3 Bh5 8.
Bf4 Qb4 9. Bb3 e6 10. Qd2 Nd5 11. Bg3 Nd7 12. a3 Qa5 13. Ne4 Qxd2+ 14. Kxd2
O-O-O 15. c4 N5f6 16. Ke3 Bg6 17. N2c3 b6 18. h4 h6 19. Rhd1 Kb7 20. Rac1 Be7
21. Nd6+ Ka8 22. Ba4 Nb8 23. Nde4 Kb7 24. Nxf6 gxf6 25. b4 Bd6 26. Bxd6 Rxd6
27. Ne4 Bxe4 28. fxe4 Rg8 29. Kf3 h5 30. d5 exd5 31. cxd5 cxd5 32. Rxd5 Rxd5
33. exd5 Rg4 34. d6 b5 35. Bxb5 Rd4 36. Rc7+ Kb6 37. Rc8 Kxb5 38. Rxb8+ Kc6 39.
Rc8+ Kd7 40. Rc7+ Kxd6 41. Rxa7 Ke6 42. b5 Kf5 43. b6 Rd3+ 44. Kf2 Rb3 45. Ra5+
Kg6 46. Ra6 Kf5 47. a4 Kf4 48. a5 Rb2+ 49. Ke1 Ke3 50. Kd1 Kd3 51. Kc1 Rb3 52.
Ra7 Kc4 53. b7 Kc5 54. a6 1-0

[Event "Mercredi 2010.05.12 ABCD"]
[Site "Montreal CAN"]
[Date "2010.05.19"]
[Round "2"]
[White "Pozdnyakov, Alexander"]
[Black "Neumark-Gaudet, Zev"]
[Result "1-0"]
[WhiteElo "1617"]
[BlackElo "1600"]
[PlyCount "31"]
[EventDate "2010.05.12"]
[EventType "tourn"]
[EventRounds "5"]
[EventCountry "CAN"]

1. e4 d5 2. exd5 Qxd5 3. Nc3 Qa5 4. d4 Nf6 5. Nf3 c6 6. Be2 Bf5 7. O-O e6 8.
Bf4 Be7 9. Ne5 O-O 10. g4 Be4 11. Nc4 Qd8 12. Bxb8 Qxb8 13. g5 Qf4 14. gxf6
Qg5+ 15. Bg4 Bxf6 16. Nxe4 1-0

[Event "Mercredi 2010.05.12 ABCD"]
[Site "Montreal CAN"]
[Date "2010.05.19"]
[Round "2"]
[White "Sasseville, Jean"]
[Black "Giroux, Robert"]
[Result "1/2-1/2"]
[WhiteElo "1951"]
[BlackElo "1858"]
[PlyCount "132"]
[EventDate "2010.05.12"]
[EventType "tourn"]
[EventRounds "5"]
[EventCountry "CAN"]

1. Nf3 c5 2. c4 Nc6 3. d4 cxd4 4. Nxd4 e5 5. Nb5 a6 6. Nd6+ Bxd6 7. Qxd6 Qf6 8.
Qd2 Nge7 9. Nc3 O-O 10. Nd5 Nxd5 11. cxd5 Nd4 12. e3 Nf5 13. b3 d6 14. Bb2 Bd7
15. Bd3 Qh6 16. e4 Qxd2+ 17. Kxd2 Ne7 18. Ba3 Nc8 19. Rac1 f5 20. f3 fxe4 21.
Bxe4 Bf5 22. Ke3 Bxe4 23. fxe4 Rb8 24. Rc7 Rf7 25. Rhc1 Rxc7 26. Rxc7 b5 27.
Rd7 b4 28. Bxb4 Rxb4 29. Rd8+ Kf7 30. Rxc8 a5 31. Rc7+ Kf6 32. Rd7 Rb6 33. Kd3
h5 34. Kc3 g5 35. a3 h4 36. b4 axb4+ 37. axb4 g4 38. Rc7 g3 39. hxg3 hxg3 40.
Rc6 Rb8 41. Rxd6+ Kg5 42. Ra6 Kf4 43. Ra2 Kxe4 44. Rd2 Rc8+ 45. Kb3 Rd8 46. d6
Ke3 47. Rd5 e4 48. Kc4 Ke2 49. Kd4 e3 50. b5 Kf2 51. Rf5+ Kxg2 52. Kxe3 Rxd6
53. Ke4 Kg1 54. Ke5 Rb6 55. Kd4 Rg6 56. Kc5 g2 57. b6 Kh1 58. Rh5+ Kg1 59. Rd5
Kf1 60. Rd1+ Ke2 61. Rg1 Kf2 62. Rxg2+ Kxg2 63. b7 Rg8 64. Kc6 Kf3 65. Kc7 Rg7+
66. Kc6 Rxb7 1/2-1/2

[Event "Mercredi 2010.05.12 ABCD"]
[Site "Montreal CAN"]
[Date "2010.05.26"]
[Round "3"]
[White "Chen, Jianqiu"]
[Black "Pozdnyakov, Alexander"]
[Result "1-0"]
[WhiteElo "1635"]
[BlackElo "1617"]
[PlyCount "39"]
[EventDate "2010.05.12"]
[EventType "tourn"]
[EventRounds "5"]
[EventCountry "CAN"]

1. e4 d5 2. exd5 Nf6 3. c4 c6 4. dxc6 Nxc6 5. Ne2 e5 6. Nbc3 Bf5 7. Ng3 Bg6 8.
a3 Qd7 9. Be2 Bc5 10. h4 h5 11. d3 O-O-O 12. Nge4 Bd4 13. f3 Ne7 14. Bd2 Nf5
15. Nxf6 gxf6 16. Nd5 e4 17. dxe4 Qd6 18. Bf4 Qc5 19. b4 Bf2+ 20. Kf1 1-0

[Event "Mercredi 2010.05.12 ABCD"]
[Site "Montreal CAN"]
[Date "2010.05.26"]
[Round "3"]
[White "Cote, Philippe"]
[Black "Khudaverdian, Berj"]
[Result "0-1"]
[WhiteElo "1723"]
[BlackElo "1739"]
[PlyCount "102"]
[EventDate "2010.05.12"]
[EventType "tourn"]
[EventRounds "5"]
[EventCountry "CAN"]

1. e4 d6 2. d4 Nf6 3. Nc3 g6 4. f4 Bg7 5. Nf3 O-O 6. Bd3 c5 7. d5 Bg4 8. O-O
Qc8 9. Bc4 a6 10. a4 Nbd7 11. a5 b5 12. axb6 Nxb6 13. Be2 c4 14. Be3 Nfd7 15.
Nd4 Bxe2 16. Qxe2 Nc5 17. Nc6 Re8 18. Bd4 e5 19. Bxc5 dxc5 20. f5 gxf5 21. Rxf5
Nxd5 22. Nxd5 Qxc6 23. Qxc4 Qb5 24. Qa2 c4 25. Qa3 Ra7 26. Raf1 Re6 27. Qf3
Qc5+ 28. Kh1 Qf8 29. Nf6+ Bxf6 30. Rxf6 Rxf6 31. Qxf6 Qe7 32. Qc6 Qc7 33. Qe8+
Kg7 34. Rf3 Qe7 35. Rg3+ Kf6 36. Qh8+ Ke6 37. Qxh7 Rb7 38. Qf5+ Kd6 39. b3 Qh4
40. Rf3 cxb3 41. Rd3+ Ke7 42. Qxe5+ Kf8 43. Qc5+ Re7 44. Qc8+ Re8 45. Qc5+ Re7
46. Rxb3 Qe1+ 47. Qg1 Qxe4 48. Rb8+ Kg7 49. Qa1+ f6 50. h3 Qxc2 51. Qd4 Re1+
0-1

[Event "Mercredi 2010.05.12 ABCD"]
[Site "Montreal CAN"]
[Date "2010.05.26"]
[Round "3"]
[White "Deshetres, Michel"]
[Black "Chesnut, Walter"]
[Result "1-0"]
[WhiteElo "1733"]
[BlackElo "1746"]
[PlyCount "62"]
[EventDate "2010.05.12"]
[EventType "tourn"]
[EventRounds "5"]
[EventCountry "CAN"]

1. Nf3 Nf6 2. g3 d5 3. Bg2 c6 4. O-O e6 5. d3 Bd6 6. Nbd2 Nbd7 7. c4 O-O 8. a3
a5 9. b3 b5 10. Bb2 Bb7 11. Qc2 Qe7 12. Nd4 b4 13. a4 g6 14. e4 e5 15. Ne2 d4
16. h3 c5 17. Rfe1 Nh5 18. g4 Nf4 19. Nxf4 exf4 20. e5 Nxe5 21. f3 Qh4 22. Ne4
Bxe4 23. Rxe4 Qg3 24. Qe2 Rac8 25. Bc1 f5 26. Bxf4 Qh4 27. Rxe5 Bxe5 28. Bxe5
fxg4 29. hxg4 h5 30. f4 Qg3 31. gxh5 g5 1-0

[Event "Mercredi 2010.05.12 ABCD"]
[Site "Montreal CAN"]
[Date "2010.05.26"]
[Round "3"]
[White "Gagnon, Serge"]
[Black "Lange, David"]
[Result "1-0"]
[WhiteElo "2097"]
[BlackElo "1998"]
[PlyCount "105"]
[EventDate "2010.05.12"]
[EventType "tourn"]
[EventRounds "5"]
[EventCountry "CAN"]

1. g3 d5 2. Bg2 c5 3. Nf3 Nf6 4. O-O e6 5. d3 Bd6 6. Nc3 Nc6 7. e4 O-O 8. Bg5
Be7 9. e5 Nd7 10. Bxe7 Qxe7 11. Re1 a6 12. a4 Rb8 13. b3 b5 14. axb5 axb5 15.
d4 b4 16. Ne2 Bb7 17. Qd2 Ra8 18. dxc5 Qxc5 19. Rxa8 Rxa8 20. Nc1 Ra1 21. Bf1
Qc3 22. Qxc3 bxc3 23. Ne2 Rxe1 24. Nxe1 d4 25. f4 Ba6 26. Nxd4 Nxd4 27. Bxa6
Nc5 28. Bc4 Ne4 29. b4 Kf8 30. Bd3 Nd2 31. Kf2 Ke7 32. b5 Nf5 33. g4 Nh6 34. h3
g6 35. Ke3 Kd7 36. Nf3 Nxf3 37. Kxf3 Ng8 38. Ke3 Ne7 39. Be4 Kc7 40. Kd4 Kb6
41. Kc4 h6 42. Bc6 g5 43. fxg5 hxg5 44. Kxc3 Ng6 45. Kd4 Nf4 46. c4 Nxh3 47.
c5+ Kc7 48. Bg2 Nf4 49. b6+ Kb8 50. Bf3 Ng6 51. c6 Kc8 52. Be4 Ne7 53. Kc5 1-0

[Event "Mercredi 2010.05.12 ABCD"]
[Site "Montreal CAN"]
[Date "2010.05.26"]
[Round "3"]
[White "Le Bas, Nicolas"]
[Black "Bergeron, Rene"]
[Result "1-0"]
[WhiteElo "1590"]
[BlackElo "1636"]
[PlyCount "109"]
[EventDate "2010.05.12"]
[EventType "tourn"]
[EventRounds "5"]
[EventCountry "CAN"]

1. e4 d5 2. exd5 Qxd5 3. Nc3 Qd6 4. d4 Nf6 5. Nf3 Bg4 6. Be2 Nc6 7. Be3 e6 8.
Qd2 Nb4 9. h3 Bf5 10. Bd3 Bxd3 11. cxd3 Qa6 12. Ne5 Bd6 13. Nc4 O-O 14. a3 Rad8
15. O-O Nbd5 16. Bg5 h6 17. Nxd5 exd5 18. Bxf6 gxf6 19. Nxd6 Rxd6 20. Qxh6 Qxd3
21. Qe3 Qc2 22. b4 Re6 23. Qg3+ Kh8 24. Qh4+ Qh7 25. Qxh7+ Kxh7 26. f3 Rfe8 27.
Rfc1 R8e7 28. Kf2 Re2+ 29. Kf1 Rd2 30. Rd1 Ree2 31. Rxd2 Rxd2 32. Rc1 c6 33.
Re1 Rxd4 34. Re7 Kg6 35. Rxb7 a5 36. Ke2 axb4 37. Rxb4 Rxb4 38. axb4 Kf5 39. g3
Ke5 40. Ke3 f5 41. Kd3 Kd6 42. Kd4 Ke6 43. h4 Kf6 44. f4 Kg6 45. b5 cxb5 46.
Kxd5 Kh5 47. Kc5 Kg4 48. Kxb5 Kxg3 49. h5 Kxf4 50. h6 Ke3 51. h7 f4 52. h8=Q f3
53. Qe5+ Kd2 54. Qd4+ Ke1 55. Qe3+ 1-0

[Event "Mercredi 2010.05.12 ABCD"]
[Site "Montreal CAN"]
[Date "2010.05.26"]
[Round "3"]
[White "Messier, Samuel"]
[Black "Lange, Holger"]
[Result "0-1"]
[WhiteElo "1650"]
[BlackElo "1778"]
[PlyCount "60"]
[EventDate "2010.05.12"]
[EventType "tourn"]
[EventRounds "5"]
[EventCountry "CAN"]

1. e4 Nf6 2. e5 Nd5 3. d4 d6 4. c4 Nb6 5. f4 dxe5 6. fxe5 Bf5 7. Be3 e6 8. Nf3
Bg4 9. Be2 Nc6 10. O-O Be7 11. Nc3 O-O 12. Qd2 f6 13. exf6 Bxf6 14. Rad1 Qe7
15. Ne4 Rad8 16. Nxf6+ gxf6 17. Bh6 Rf7 18. Qf4 Bh5 19. Rfe1 Kh8 20. Kh1 Rg8
21. Qh4 Bg6 22. d5 Nd8 23. Nd4 e5 24. Bd3 Bxd3 25. Rxd3 Qb4 26. Rf3 Rg4 27. Qf2
Rxd4 28. Rxf6 Nd7 29. Qg3 Nxf6 30. Qxe5 Qe7 0-1

[Event "Mercredi 2010.05.12 ABCD"]
[Site "Montreal CAN"]
[Date "2010.05.26"]
[Round "3"]
[White "Neumark-Gaudet, Zev"]
[Black "Soskic, Radmilo"]
[Result "1/2-1/2"]
[WhiteElo "1600"]
[BlackElo "1598"]
[PlyCount "59"]
[EventDate "2010.05.12"]
[EventType "tourn"]
[EventRounds "5"]
[EventCountry "CAN"]

1. e4 e5 2. Nc3 d6 3. f4 Be7 4. fxe5 dxe5 5. Nf3 Bg4 6. Bc4 Nd7 7. O-O Bxf3 8.
Qxf3 Ngf6 9. d3 c6 10. Be3 Bc5 11. Bxc5 Nxc5 12. Qg3 Qd4+ 13. Kh1 O-O-O 14.
Qxg7 Nfd7 15. Bxf7 Qd6 16. b4 Ne6 17. Bxe6 Qxe6 18. Rf7 Rdg8 19. Re7 Qd6 20.
Qf7 Rf8 21. Qe6 Qd4 22. Rb1 Rf6 23. Qg4 Rhf8 24. h3 Rf4 25. Qe6 R4f6 26. Qg4
Rf1+ 27. Rxf1 Rxf1+ 28. Kh2 Qg1+ 29. Kg3 Qf2+ 30. Kh2 1/2-1/2

[Event "Mercredi 2010.05.12 ABCD"]
[Site "Montreal CAN"]
[Date "2010.05.26"]
[Round "3"]
[White "Plante, Michel"]
[Black "Levkovsky, Alexandre"]
[Result "0-1"]
[WhiteElo "2060"]
[BlackElo "2193"]
[PlyCount "56"]
[EventDate "2010.05.12"]
[EventType "tourn"]
[EventRounds "5"]
[EventCountry "CAN"]

1. f4 d5 2. Nf3 Nf6 3. d3 c5 4. g3 Nc6 5. Bg2 g6 6. O-O Bg7 7. c3 O-O 8. Qe1
Re8 9. e4 dxe4 10. dxe4 e5 11. Nxe5 Nxe5 12. fxe5 Ng4 13. Bf4 Qb6 14. Nd2 Be6
15. Qe2 Qxb2 16. Rfc1 Rad8 17. Rab1 Qa3 18. Nc4 Bxc4 19. Qxc4 Nxe5 20. Bxe5
Bxe5 21. Rf1 Re7 22. Rf3 Rd2 23. Bh3 Qxa2 24. Qf1 Kg7 25. Ra1 Qc2 26. Rxa7 Bxc3
27. Bg2 Bd4+ 28. Kh1 Rd1 0-1

[Event "Mercredi 2010.05.12 ABCD"]
[Site "Montreal CAN"]
[Date "2010.06.02"]
[Round "4"]
[White "Bergeron, Rene"]
[Black "Neumark-Gaudet, Zev"]
[Result "0-1"]
[WhiteElo "1636"]
[BlackElo "1600"]
[PlyCount "124"]
[EventDate "2010.05.12"]
[EventType "tourn"]
[EventRounds "5"]
[EventCountry "CAN"]

1. c4 e6 2. Nc3 d5 3. cxd5 exd5 4. d4 c5 5. Nf3 Nc6 6. e3 Nf6 7. Be2 a6 8. a4
Bd6 9. O-O O-O 10. dxc5 Bxc5 11. Nd4 Re8 12. Bf3 Ne5 13. Nb3 Nxf3+ 14. Qxf3 Bg4
15. Qf4 Bd6 16. Qd4 Rc8 17. Nd2 Re5 18. h3 Rh5 19. f4 Bc5 20. Qd3 Bf5 21. Qe2
Qb6 22. Nf3 Re8 23. Ne5 d4 24. Nd5 Nxd5 25. Qxh5 g6 26. Qf3 dxe3 27. Kh1 Nb4
28. b3 Nc2 29. Ra2 Nd4 30. Qd5 Be6 31. Qe4 e2 32. Re1 Qxb3 33. Rb2 Qc3 34.
Rbxe2 Nxe2 35. Qxe2 Bc4 36. Qd1 Bb3 37. Bd2 Bxd1 38. Bxc3 Bxa4 39. Rb1 b6 40.
Ng4 Kf8 41. Nf6 Re2 42. Nxh7+ Ke7 43. Rb2 Rxb2 44. Bxb2 Bc6 45. Bg7 Kd6 46.
Bf8+ Kd5 47. Nf6+ Kc4 48. Bxc5 Kxc5 49. f5 a5 50. Ng4 a4 51. Ne5 a3 52. Nd3+
Kd4 53. fxg6 fxg6 54. Nb4 Kc3 55. Na2+ Kb2 56. Nb4 a2 57. Nxa2 Kxa2 58. Kg1 Kb2
59. h4 Kc2 60. g4 b5 61. h5 gxh5 62. gxh5 Be4 0-1

[Event "Mercredi 2010.05.12 ABCD"]
[Site "Montreal CAN"]
[Date "2010.06.02"]
[Round "4"]
[White "Deshetres, Michel"]
[Black "Messier, Samuel"]
[Result "1-0"]
[WhiteElo "1733"]
[BlackElo "1650"]
[PlyCount "45"]
[EventDate "2010.05.12"]
[EventType "tourn"]
[EventRounds "5"]
[EventCountry "CAN"]

1. c4 c6 2. g3 d5 3. Bg2 Nf6 4. b3 Bf5 5. Nf3 e6 6. O-O Nbd7 7. Bb2 Be7 8. d3
O-O 9. Nbd2 h6 10. Re1 Qa5 11. e4 dxe4 12. dxe4 Bh7 13. e5 Ne8 14. Ne4 Bb4 15.
Qxd7 Rd8 16. Qxb7 Bxe1 17. Nxe1 Bxe4 18. Bxe4 Rd2 19. Nd3 Re2 20. Qxc6 g5 21.
b4 Qd8 22. Bc3 Ng7 23. Nc5 1-0

[Event "Mercredi 2010.05.12 ABCD"]
[Site "Montreal CAN"]
[Date "2010.06.02"]
[Round "4"]
[White "Gates, Claude-Eric"]
[Black "Giroux, Robert"]
[Result "0-1"]
[WhiteElo "1790"]
[BlackElo "1858"]
[PlyCount "90"]
[EventDate "2010.05.12"]
[EventType "tourn"]
[EventRounds "5"]
[EventCountry "CAN"]

1. c4 c5 2. g3 Nc6 3. Bg2 g6 4. Nc3 Bg7 5. Nf3 d6 6. a3 e5 7. O-O Nge7 8. Rb1
a5 9. b3 O-O 10. d3 Rb8 11. Ne1 Be6 12. Nc2 d5 13. cxd5 Nxd5 14. Bd2 Nde7 15.
Qc1 Nd4 16. Nxd4 cxd4 17. Ne4 f5 18. Nc5 Bd5 19. Bxd5+ Qxd5 20. Qc4 Rf7 21.
Rfc1 Qxc4 22. bxc4 Nc6 23. Rb5 Bf8 24. Rcb1 Na7 25. Rxb7 Rbxb7 26. Nxb7 a4 27.
c5 Rc7 28. Ba5 Rc8 29. Bb4 Rb8 30. Nd6 Nc6 31. Kf1 Kg7 32. Ke1 Kf6 33. Kd1 Ke6
34. Kc2 Bxd6 35. cxd6 Nxb4+ 36. Rxb4 Rxb4 37. axb4 Kxd6 38. h3 Kc6 39. Kb2 Kb6
40. Ka2 Kb5 41. Ka3 h6 42. e3 e4 43. dxe4 d3 44. Kb2 fxe4 45. Kc3 a3 0-1

[Event "Mercredi 2010.05.12 ABCD"]
[Site "Montreal CAN"]
[Date "2010.06.02"]
[Round "4"]
[White "Levkovsky, Alexandre"]
[Black "Gagnon, Serge"]
[Result "0-1"]
[WhiteElo "2193"]
[BlackElo "2097"]
[PlyCount "74"]
[EventDate "2010.05.12"]
[EventType "tourn"]
[EventRounds "5"]
[EventCountry "CAN"]

1. e4 c5 2. Nf3 d6 3. d4 cxd4 4. Nxd4 Nf6 5. Nc3 g6 6. Be2 Bg7 7. Be3 O-O 8.
O-O Nc6 9. Nb3 Be6 10. f4 Qc8 11. Bf3 Ng4 12. Bxg4 Bxg4 13. Qe1 Rd8 14. Qf2 Be6
15. f5 Bc4 16. Rfe1 d5 17. Nd2 d4 18. Nxc4 dxc3 19. a4 cxb2 20. Rab1 Ne5 21.
Nxe5 Bxe5 22. Rf1 Qc4 23. Kh1 Qxe4 24. fxg6 Qxg6 25. Bxa7 Rac8 26. Bc5 Bf6 27.
Rbe1 Rd7 28. Re2 Rdc7 29. Bd4 Rxc2 30. Bxb2 Rxe2 31. Qxe2 Rc2 32. Qf3 Rxb2 33.
Rd1 Rb1 34. Qf1 Rxd1 35. Qxd1 Qe4 36. Qd8+ Kg7 37. Qd1 Qd4 0-1

[Event "Mercredi 2010.05.12 ABCD"]
[Site "Montreal CAN"]
[Date "2010.06.02"]
[Round "4"]
[White "Sasseville, Jean"]
[Black "Gerard, Patrice"]
[Result "1-0"]
[WhiteElo "1951"]
[BlackElo "1790"]
[PlyCount "61"]
[EventDate "2010.05.12"]
[EventType "tourn"]
[EventRounds "5"]
[EventCountry "CAN"]

1. Nf3 Nf6 2. c4 c5 3. Nc3 Nc6 4. g3 b6 5. Bg2 Bb7 6. O-O g6 7. d4 cxd4 8. Nxd4
Bg7 9. e3 O-O 10. b3 Rc8 11. Bb2 d6 12. Ncb5 Qd7 13. Qd2 a6 14. Nxc6 Bxc6 15.
Bxc6 Rxc6 16. Nd4 Rc5 17. Rad1 Rfc8 18. Qe2 Rh5 19. f3 b5 20. cxb5 axb5 21. Rc1
Rhc5 22. Nxb5 Nd5 23. Nd4 Qa7 24. a3 Bh6 25. f4 e5 26. Nb5 Qb6 27. Rxc5 Rxc5
28. a4 exf4 29. Bd4 fxg3 30. Qf3 gxh2+ 31. Kh1 1-0

[Event "Mercredi 2010.05.12 ABCD"]
[Site "Montreal CAN"]
[Date "2010.06.02"]
[Round "4"]
[White "Tremblay, Alain"]
[Black "Plante, Michel"]
[Result "1/2-1/2"]
[WhiteElo "2086"]
[BlackElo "2060"]
[PlyCount "84"]
[EventDate "2010.05.12"]
[EventType "tourn"]
[EventRounds "5"]
[EventCountry "CAN"]

1. d4 d5 2. c4 e6 3. Nc3 c6 4. e3 Nf6 5. Nf3 Nbd7 6. Bd3 dxc4 7. Bxc4 b5 8. Bd3
a6 9. e4 c5 10. e5 cxd4 11. Nxb5 axb5 12. exf6 gxf6 13. Qe2 Bb4+ 14. Kf1 Qb6
15. Bf4 Bb7 16. a3 Bd6 17. Bxd6 Qxd6 18. Bxb5 O-O-O 19. Qc4+ Kb8 20. Qxd4 Qxd4
21. Nxd4 Ne5 22. Ne2 Rhg8 23. f3 Rd2 24. Kf2 Rc8 25. Rac1 Rxc1 26. Rxc1 Rxb2
27. Rc5 Ka7 28. a4 Kb6 29. Rc3 Bd5 30. h3 Nc6 31. Ke3 e5 32. Rd3 Kc5 33. g3 f5
34. Nc3 Nd4 35. f4 f6 36. Rd2 Rb3 37. Rd3 Rb2 38. a5 Be4 39. Na4+ Kxb5 40. Nxb2
Bxd3 41. Nxd3 Nc6 42. a6 Nd4 1/2-1/2

[Event "Mercredi 2010.05.12 ABCD"]
[Site "Montreal CAN"]
[Date "2010.06.09"]
[Round "5"]
[White "Cote, Philippe"]
[Black "Deshetres, Michel"]
[Result "0-1"]
[WhiteElo "1723"]
[BlackElo "1733"]
[PlyCount "50"]
[EventDate "2010.05.12"]
[EventType "tourn"]
[EventRounds "5"]
[EventCountry "CAN"]

1. e4 c5 2. b4 cxb4 3. a3 bxa3 4. Nxa3 Nc6 5. d4 d5 6. e5 Bf5 7. c3 e6 8. Nf3
a6 9. Be2 Rc8 10. O-O Na5 11. Qa4+ Nc6 12. Bg5 Be7 13. Bxe7 Ngxe7 14. c4 O-O
15. cxd5 Nxd5 16. Qb3 Nf4 17. Rfe1 Nxe2+ 18. Rxe2 Nxd4 19. Nxd4 Qxd4 20. Rd1
Rfd8 21. Ree1 Qc5 22. Nc4 Rxd1 23. Rxd1 h6 24. Nd6 Qc2 25. Qf3 Rc3 0-1

[Event "Mercredi 2010.05.12 ABCD"]
[Site "Montreal CAN"]
[Date "2010.06.09"]
[Round "5"]
[White "Gagnon, Serge"]
[Black "Tremblay, Alain"]
[Result "1-0"]
[WhiteElo "2097"]
[BlackElo "2086"]
[PlyCount "57"]
[EventDate "2010.05.12"]
[EventType "tourn"]
[EventRounds "5"]
[EventCountry "CAN"]

1. Nf3 Nf6 2. d4 e6 3. g3 d5 4. Bg2 Nbd7 5. O-O Be7 6. c4 dxc4 7. Nbd2 Nb6 8.
Nxc4 Nxc4 9. Qa4+ Bd7 10. Qxc4 Bc6 11. Bf4 O-O 12. Rac1 Rc8 13. Rfd1 a6 14. Ne5
Bxg2 15. Kxg2 Nd5 16. e4 Nxf4+ 17. gxf4 Bd6 18. Qb3 Qh4 19. Qg3 Qxg3+ 20. hxg3
Rfd8 21. Kf3 Bxe5 22. fxe5 c6 23. Ke3 Kf8 24. Rc3 Ke7 25. Rb3 Rd7 26. a4 Rcd8
27. Rc3 a5 28. f4 Rf8 29. Rc5 1-0

[Event "Mercredi 2010.05.12 ABCD"]
[Site "Montreal CAN"]
[Date "2010.06.09"]
[Round "5"]
[White "Gerard, Patrice"]
[Black "Gates, Claude-Eric"]
[Result "0-1"]
[WhiteElo "1790"]
[BlackElo "1790"]
[PlyCount "100"]
[EventDate "2010.05.12"]
[EventType "tourn"]
[EventRounds "5"]
[EventCountry "CAN"]

1. e4 e5 2. Nf3 Nf6 3. Nc3 Bb4 4. d3 O-O 5. Nxe5 Re8 6. Bf4 d5 7. f3 Nh5 8. Qc1
d4 9. Bd2 dxc3 10. bxc3 Bd6 11. Nc4 Qh4+ 12. Kd1 Qe7 13. Be2 Be6 14. Nxd6 cxd6
15. d4 Nf6 16. Bb5 Bd7 17. Bd3 Nc6 18. Rb1 b6 19. Rb5 Qf8 20. Rg5 Ne7 21. Qa3
Ng6 22. h4 h6 23. h5 hxg5 24. hxg6 fxg6 25. Qb3+ Be6 26. Bc4 Qf7 27. d5 Bd7 28.
Ba6 g4 29. Qb4 gxf3 30. gxf3 Nxe4 31. Rf1 Nxd2 32. Kxd2 Qxd5+ 33. Kc1 Be6 34.
Qh4 Qxa2 35. Bd3 Qd5 36. Bxg6 Kf8 37. Be4 Qe5 38. Qh8+ Ke7 39. Qh4+ Qf6 40. Qe1
Rac8 41. Kb2 Rc5 42. Rg1 Rec8 43. Qe2 Qxc3+ 44. Kb1 Qb4+ 45. Kc1 Qd4 46. Rg6
Ra5 47. Bd3 Ra1+ 48. Kd2 Qc3+ 49. Ke3 Re1 50. Rxg7+ Kf8 0-1

[Event "Mercredi 2010.05.12 ABCD"]
[Site "Montreal CAN"]
[Date "2010.06.09"]
[Round "5"]
[White "Giroux, Robert"]
[Black "Lalonde, Paul"]
[Result "1/2-1/2"]
[WhiteElo "1858"]
[BlackElo "1946"]
[PlyCount "58"]
[EventDate "2010.05.12"]
[EventType "tourn"]
[EventRounds "5"]
[EventCountry "CAN"]

1. d4 Nf6 2. Nf3 b6 3. e3 Bb7 4. Bd3 g6 5. O-O Bg7 6. b3 O-O 7. c4 d6 8. Bb2
Nc6 9. Nbd2 Nb4 10. Bb1 d5 11. Ne5 Rc8 12. a3 Nc6 13. Nxc6 Bxc6 14. Qf3 Qd6 15.
cxd5 Qxd5 16. Qxd5 Nxd5 17. Bd3 Bb7 18. Rac1 c5 19. Nf3 Rfd8 20. Rfd1 cxd4 21.
Nxd4 e5 22. Rxc8 Rxc8 23. Nb5 e4 24. Bxg7 exd3 25. Bh6 Nc3 26. Nxc3 Rxc3 27. e4
Bxe4 28. Rc1 Rxc1+ 29. Bxc1 Kf8 1/2-1/2

[Event "Mercredi 2010.05.12 ABCD"]
[Site "Montreal CAN"]
[Date "2010.06.09"]
[Round "5"]
[White "Khudaverdian, Berj"]
[Black "Lange, Holger"]
[Result "1-0"]
[WhiteElo "1739"]
[BlackElo "1778"]
[PlyCount "75"]
[EventDate "2010.05.12"]
[EventType "tourn"]
[EventRounds "5"]
[EventCountry "CAN"]

1. d4 Nf6 2. Nf3 e6 3. e3 d5 4. Bd3 c5 5. c3 Nc6 6. O-O Bd6 7. Nbd2 O-O 8. Re1
Re8 9. e4 dxe4 10. Nxe4 Nxe4 11. Bxe4 Bd7 12. Ng5 g6 13. Qf3 Qe7 14. Qh3 f6 15.
Bxc6 bxc6 16. dxc5 Bxc5 17. Ne4 Bb6 18. Bf4 e5 19. Qxd7 Qxd7 20. Nxf6+ Kf7 21.
Nxd7 exf4 22. Ne5+ Kf6 23. Nxc6 Rec8 24. Nb4 Rd8 25. Rad1 Kf5 26. Rd5+ Kf6 27.
Red1 Re8 28. Rd6+ Kg7 29. Rd7+ Kh6 30. Kf1 Re5 31. Nd5 Rf8 32. Nxb6 axb6 33. f3
Ra8 34. a3 Rb5 35. R1d2 Re8 36. Rf7 Rf5 37. Rxf5 gxf5 38. Rd6+ 1-0